Mr. Peabody's Apples / (Record no. 2944)

MARC details
000 -LEADER
fixed length control field 00789cam a2200265 a 4500
005 - DATE AND TIME OF LATEST TRANSACTION
control field 20250718095159.0
020 ## - INTERNATIONAL STANDARD BOOK NUMBER
International Standard Book Number 0670058831
040 ## - CATALOGING SOURCE
Original cataloging agency DLC
Transcribing agency DLC
Modifying agency DLC
Language of cataloging eng
050 00 - LIBRARY OF CONGRESS CALL NUMBER
Classification number PZ7.M26573
Item number 2003
082 00 - DEWEY DECIMAL CLASSIFICATION NUMBER
Classification number 813.6
100 1# - MAIN ENTRY--PERSONAL NAME
Personal name Madonna
Dates associated with a name 1958-
245 10 - TITLE STATEMENT
Title Mr. Peabody's Apples /
Statement of responsibility, etc. by Madonna ; art by Loren Long.
250 ## - EDITION STATEMENT
Edition statement First published in 2003
260 ## - PUBLICATION, DISTRIBUTION, ETC.
Place of publication, distribution, etc. New York :
Name of publisher, distributor, etc. Callaway ,
Date of publication, distribution, etc. 2003
300 ## - PHYSICAL DESCRIPTION
Extent 28 pages :
Other physical details color illustrations ;
Dimensions 27 cm.
505 ## - FORMATTED CONTENTS NOTE
Formatted contents note R <br/>
520 ## - SUMMARY, ETC.
Summary, etc. A boy learns a lesson about the destructive power of gossip.
521 ## - TARGET AUDIENCE NOTE
Target audience note 690 <br/>
Source Lexile <br/>
521 ## - TARGET AUDIENCE NOTE
Target audience note R <br/>
Source Raz-Plus <br/>
650 #1 - SUBJECT ADDED ENTRY--TOPICAL TERM
Topical term or geographic name entry element Gossip
Form subdivision Fiction.
700 1# - ADDED ENTRY--PERSONAL NAME
Personal name Long, Loren
Relator term illustrator
906 ## - LOCAL DATA ELEMENT F, LDF (RLIN)
a 7
b cbc
c orignew
d 1
e ecip
f 20
g y-gencatlg
942 ## - ADDED ENTRY ELEMENTS (KOHA)
Source of classification or shelving scheme Dewey Decimal Classification
Koha item type Books
Suppress in OPAC No
999 ## -
-- 2944
-- 2944
Holdings
Withdrawn status Lost status Source of classification or shelving scheme Damaged status Not for loan Collection Home library Current library Shelving location Date acquired Total Checkouts Full call number Barcode Date last seen Copy number Price effective from Koha item type
    Dewey Decimal Classification     Juvenile Fiction Footprints International School Library Network Toul Kork Campus Footprints International School Library Network Toul Kork Campus   01/24/2024   MAD 813.6 PZ7.M26573 FISTK02151 01/24/2024 1 01/24/2024 Books
    Dewey Decimal Classification     Juvenile Fiction Footprints International School Library Network Toul Tom Poung Campus Footprints International School Library Network Toul Tom Poung Campus TTP Primary Orange Bookshelves 07/18/2025   MAD 813.6 PZ7.M26573 FIS00877 07/18/2025 2 07/18/2025 Books